000
00287nam a2200121Ia 4500
008
231107s2012 xx 000 0 und d
041
_a
eng
082
_a
624.151
100
_a
Matteson Donna
245
_a
Architecture
260
_a
Japan
_b
Delmar Cengage Learning
_c
2012
300
_a
454
999
_c
931425
_d
931425